International Council on Human Rights Policy Annual Review 2002 /
Reporte del cuarto año de actividades del Consejo; da cuenta de las investigaciones y publicaciones que ha realizado sobre las diversas manifestaciones de protección de los derechos humanos y su contrario, las causas de su violación. Durante 2001, continuó y/o concluyó el trabajó de proyectos inicia...
Enregistré dans:
| Collectivité auteur: | |
|---|---|
| Autres auteurs: | |
| Format: | Livre |
| Langue: | anglais |
| Sujets: | |
| Tags: |
Pas de tags, Soyez le premier à ajouter un tag!
|
MARC
| LEADER | 00000nam^a2200000^a^4500 | ||
|---|---|---|---|
| 001 | 000185855 | ||
| 005 | 20250521000000.0 | ||
| 009 | 20260310102205.656 | ||
| 037 | |a Acervo ITESO - Biblioteca | ||
| 041 | |a ING | ||
| 082 | |a 323. |b CIEDH 2002 | ||
| 110 | |a Consejo Internacional para Estudios de Derechos Humanos. |b Presidente. 1996- (Hammarberg) | ||
| 240 | 1 | 1 | |a [International Council on Human Rights Policy Annual Review] |
| 245 | 1 | 0 | |a International Council on Human Rights Policy Annual Review 2002 / |c ICHRP. |
| 264 | |a Versoix, Suiza : |b Consejo Internacional para Estudios de Derechos Humanos, |c 2002 | ||
| 300 | |a 16 p. | ||
| 336 | |a texto |b txt |2 rdacontenido | ||
| 337 | |a sin mediación |b n |2 rdamedio | ||
| 338 | |a volumen |b nc |2 rdasoporte | ||
| 520 | |a Reporte del cuarto año de actividades del Consejo; da cuenta de las investigaciones y publicaciones que ha realizado sobre las diversas manifestaciones de protección de los derechos humanos y su contrario, las causas de su violación. Durante 2001, continuó y/o concluyó el trabajó de proyectos iniciados en años anteriores, e inició tres trabajos de investigación nuevos: obligaciones trasnacionales de los gobiernos con relación a los derechos económicos, sociales y culturales; derechos humanos y gobiernos locales; implicaciones y consecuencias en los derechos humanos de los ataques de septiembre 11 del 2001. | ||
| 649 | |a XX | ||
| 650 | |a Centros de Investigación - |x Informes | ||
| 650 | |a Organizaciones No Gubernamentales - |x Informes | ||
| 650 | |a Organizaciones Internacionales - |x Informes | ||
| 650 | |a Derechos Humanos - |x Historia - |y 2000-2009 | ||
| 650 | |a Derechos Humanos - |x Investigación | ||
| 650 | |a Política Internacional - |x Historia - |y 2000-2009 | ||
| 650 | |a Política Internacional - |x Investigación | ||
| 700 | |a Hammarberg, Thomas |e (autor) | ||
| 910 | |a Fondo General | ||
| 920 | |a Impresos - Libros | ||
| 930 | |a Colección General | ||
| 905 | |a 101 | ||
| 901 | |a 0500127079 |b IT1 |c ACC |u 20250521 | ||
| 902 | |a https://opac.biblio.iteso.mx/vufind/Record/000185855 | ||